| 000 | 01058cam a2200205 4500 | ||
|---|---|---|---|
| 001 | WB3942-12 | ||
| 008 | 031106n2003 000 0 eng u | ||
| 035 | _a(Sirsi) u124248 | ||
| 245 | _aHousing market remains strong | ||
| 260 | _c2003 | ||
| 490 |
_aHBOS Press Release _v5 November 2003 (3) |
||
| 520 | _aThe "Halifax house price index" for October shows house prices rising by 1.2% with annual house price inflation standing at 16.7% compared to 24.5% at the same time last year. The average house price (seasonally adjusted) is £137 780. The predicted 0.25% increase in bank base rates will have only a modest effect on the housing market. A chronic shortage of new houses continues to contribute to the upward pressure on house prices. http://www.hbosplc.com/view/housepriceindex/nationalcommentary.asp. | ||
| 590 | _aWB | ||
| 650 | _aHOUSE PRICE INFLATION | ||
| 650 | _aHALIFAX HOUSE PRICE INDEX | ||
| 650 | _aHOUSING SUPPLY | ||
| 650 | _aBORROWING COSTS | ||
| 690 | _aPROPERTY-RESIDENTIAL PROPERTY-RESIDENTIAL PROPERTY MARKET | ||
| 942 | _n0 | ||
| 999 |
_c73752 _d73752 |
||